Pygmalion (Record no. 7724)
[ view plain ]
| 000 -LEADER | |
|---|---|
| fixed length control field | 00424cam a2200193ua 4500 |
| 001 - CONTROL NUMBER | |
| control field | 8632 |
| 005 - DATE AND TIME OF LATEST TRANSACTION | |
| control field | 20260515114346.0 |
| 008 - FIXED-LENGTH DATA ELEMENTS--GENERAL INFORMATION | |
| fixed length control field | 150214n ii |||gr||||Z||||||eng |
| 040 ## - CATALOGING SOURCE | |
| Transcribing agency | MAIN |
| 041 ## - LANGUAGE CODE | |
| Language code of text/sound track or separate title | eng |
| 082 ## - DEWEY DECIMAL CLASSIFICATION NUMBER | |
| Classification number | 822 |
| 100 ## - MAIN ENTRY--PERSONAL NAME | |
| Personal name | Shaw, B., |
| Relator term | Author. |
| 245 ## - TITLE STATEMENT | |
| Title | Pygmalion |
| Statement of responsibility, etc. | By Bernard Shaw |
| 250 ## - EDITION STATEMENT | |
| Edition statement | 1st. |
| 260 ## - PUBLICATION, DISTRIBUTION, ETC. | |
| Place of publication, distribution, etc. | New Delhi: |
| Name of publisher, distributor, etc. | Orient, |
| Date of publication, distribution, etc. | 1968. |
| 300 ## - PHYSICAL DESCRIPTION | |
| Extent | 156p. |
| 653 ## - INDEX TERM--UNCONTROLLED | |
| Uncontrolled term | English drama |
| 942 ## - ADDED ENTRY ELEMENTS (KOHA) | |
| Koha item type | Books |
| Withdrawn status | Lost status | Damaged status | Not for loan | Home library | Current library | Shelving location | Date acquired | Total checkouts | Full call number | Barcode | Date last seen | Copy number | Price effective from | Koha item type |
|---|---|---|---|---|---|---|---|---|---|---|---|---|---|---|
| Naharkatiya College Library | Naharkatiya College Library | General stacks | 09/19/2020 | 822 | SHA | 21739 | 09/19/2020 | 9 | 09/19/2020 | Books | |||||
| Naharkatiya College Library | Naharkatiya College Library | General stacks | 09/19/2020 | 822 | SHA | 5676 | 09/19/2020 | 3 | 09/19/2020 | Books | |||||
| Naharkatiya College Library | Naharkatiya College Library | General stacks | 09/19/2020 | 822 | SHA | 5677 | 09/19/2020 | 1 | 09/19/2020 | Books | |||||
| Naharkatiya College Library | Naharkatiya College Library | General stacks | 09/19/2020 | 822 | SHA | 5678 | 09/19/2020 | 2 | 09/19/2020 | Books | |||||
| Naharkatiya College Library | Naharkatiya College Library | General stacks | 09/19/2020 | 822 | SHA | 5679 | 09/19/2020 | 6 | 09/19/2020 | Books | |||||
| Naharkatiya College Library | Naharkatiya College Library | General stacks | 09/19/2020 | 822 | SHA | 5680 | 09/19/2020 | 5 | 09/19/2020 | Books | |||||
| Naharkatiya College Library | Naharkatiya College Library | General stacks | 09/19/2020 | 822 | SHA | 5681 | 09/19/2020 | 7 | 09/19/2020 | Books | |||||
| Naharkatiya College Library | Naharkatiya College Library | General stacks | 09/19/2020 | 822 | SHA | 5682 | 09/19/2020 | 8 | 09/19/2020 | Books | |||||
| Naharkatiya College Library | Naharkatiya College Library | General stacks | 09/19/2020 | 822 | SHA | 5683 | 09/19/2020 | 4 | 09/19/2020 | Books |